Manchester United Current Team - Statistics

General Stats
  • This quiz has been taken 15 times
  • The average score is 27 of 33
Answer Stats
Main Position Number Country Player % Correct
Striker 30 Slovenia Benjamin Sesko
100%
Attacking Midfielder 8 Portugal Bruno Fernandes
100%
Forward 19 Cameroon Bryan Mbeumo
100%
Defensive Midfielder 18 Brazil Casemiro
100%
Right Back 2 Portugal Diogo Dalot
100%
Centre Back 5 England Harry Maguire
100%
Striker 9 Denmark Rasmus Hojlund
100%
Defensive Midfielder 37 England Kobbie Mainoo
100%
Centre Back 15 France Leny Yoro
100%
Centre Back 6 Argentina Lisandro Martinez
100%
Left Back 23 England Luke Shaw
100%
Attacking Midfielder 7 England Mason Mount
100%
Forward 10 Brazil Matheus Cunha
100%
Centre Back 4 Netherlands Matthijs De Ligt
100%
Right Back 3 Morocco Noussair Mazraoui
100%
Left Wingback 13 Denmark Patrick Dorgu
100%
Goalkeeper 31 Belgium Senne Lammens
100%
Centre Back 26 England Ayden Heaven
92%
Goalkeeper 24 Cameroon Andre Onana
92%
Forward 11 Netherlands Joshua Zirkzee
92%
Left Back 12 Netherlands Tyrell Malacia
92%
Goalkeeper 1 Turkiye Altay Bayindir
85%
Forward 16 Ivory Coast Amad Diallo
85%
Goalkeeper 22 England Tom Heaton
85%
Left Back 35 Paraguay Diego Leon
77%
Striker 32 Denmark Chido Obi
69%
Defensive Midfielder 43 England Toby Collyer
62%
Defensive Midfielder 44 England Dan Gore
46%
Left Back 41 England Harry Amass
46%
Forward - England Marcus Rashford
38%
Forward - England Jadon Sancho
31%
Centre Back 33 England Tyler Fredricson
23%
Striker 36 England Ethan Wheatley
15%
No matching quizzes found
Score Distribution
Percent of People with Each Score
Percentile by Number Answered
Your Score History
You have not taken this quiz